000
00305nam a2200121 a 4500
008
100916s2009|||| d
245
1
0
_a
Všetko alebo nič. Príbeh pokračuje
100
1
_a
Urbaníková Eva
260
_a
Bratislava
_c
2009
_b
Evitapress
044
_a
xo
_c
SK
041
_a
slo
020
_c
4,99
999
_c
10395
_d
10395